000 00711nam a22002177a 4500
005 20150908142611.0
010 _aENG-113507
020 _c350.00
_a9789351480129
020 _c350.00
_a9351480127
035 _aEN-97039
037 _bDBAD/PUB
082 _a280
100 _aShaibu Abraham
245 _aPentecostal theology of liberation :
_cby Shaibu Abraham
_bholy spirit & holiness in the society /
260 _aNew Delhi
_bChristian World Imprints
_c2014
270 _aH-12 Bali Nagar
_bNew Delhi
_e110015
300 _axii,108p.
_c22cm(Hb)
490 _aChristian heritage rediscovered-6
500 _aIncludes bibliographical references and index
942 _2ddc
_cEN
_mSHA
_h280
999 _c94996
_d94996